000 00681nam a2200229 a 4500
999 _c6204
_d6204
001 6204
003 BD-JhCC
005 20180125173323.0
008 721213s1962 dcu 001 0 eng d
035 _a(BD-JhCC)6204
040 _aBD-JhCC
_cDLC
_dBD-JhCC
041 _aeng
050 0 0 _aLB1576
_b.P555
082 0 0 _a372.6
_bPET 1965
100 1 _aPetty, Walter Thomas,
_d1918-
245 0 4 _aThe language arts in elementary schools.
_cWalter T. Petty
260 _aWashington,
_bCenter for Applied Research in Education,
_c1962.
300 _a116 p.
_c24 cm.
490 0 _aThe Library of education
650 0 _aEnglish language
_xStudy and teaching (Elementary)
942 _2ddc
_cBK